The epistles of Paul the Apostle to the Galatians, Ephesians, Philippians and Colossians / (Record no. 602)
[ view plain ]
| 000 -LEADER | |
|---|---|
| fixed length control field | 01546cam a22004091a 4500 |
| 001 - CONTROL NUMBER | |
| control field | 8942938 |
| 003 - CONTROL NUMBER IDENTIFIER | |
| control field | GBCCL |
| 005 - DATE AND TIME OF LATEST TRANSACTION | |
| control field | 20241126110341.0 |
| 008 - FIXED-LENGTH DATA ELEMENTS--GENERAL INFORMATION | |
| fixed length control field | 821108s1965 miu 000 0 eng |
| 010 ## - | |
| -- | 66073926 |
| 015 ## - | |
| -- | GB66-1406 |
| 020 ## - INTERNATIONAL STANDARD BOOK NUMBER | |
| International Standard Book Number | 0802820514 |
| 035 ## - SYSTEM CONTROL NUMBER | |
| System control number | (OCoLC)8936198 |
| 040 ## - CATALOGING SOURCE | |
| Original cataloging agency | DLC |
| Transcribing agency | CPFT |
| Modifying agency | MBU-T |
| -- | Uk |
| -- | DLC |
| 041 1# - | |
| -- | englat |
| 050 00 - | |
| -- | BS2650 |
| -- | .C3313 |
| 082 00 - DEWEY DECIMAL CLASSIFICATION NUMBER | |
| Classification number | 225.77 |
| Item number | CAL |
| 100 1# - MAIN ENTRY--PERSONAL NAME | |
| Personal name | Calvin, Jean, |
| Dates associated with a name | 1509-1564. |
| 245 04 - TITLE STATEMENT | |
| Title | The epistles of Paul the Apostle to the Galatians, Ephesians, Philippians and Colossians / |
| Statement of responsibility, etc. | [Translated by] T. H. L. Parker. Editors: David W. Torrance and Thomas F. Torrance. |
| 260 ## - PUBLICATION, DISTRIBUTION, ETC. | |
| Place of publication, distribution, etc. | Grand Rapids, Mich. : Eerdmans, |
| Date of publication, distribution, etc. | 1965. |
| 300 ## - PHYSICAL DESCRIPTION | |
| Extent | vi, 369 p. ; |
| Dimensions | 22 cm. |
| 440 #0 - SERIES STATEMENT/ADDED ENTRY--TITLE | |
| Title | Calvin's commentaries |
| 440 #0 - SERIES STATEMENT/ADDED ENTRY--TITLE | |
| Title | Calvin's New Testament commentaries ; |
| Volume/sequential designation | 11 |
| 630 00 - SUBJECT ADDED ENTRY--UNIFORM TITLE | |
| Uniform title | Bible. |
| Name of part/section of a work | Galatians |
| General subdivision | Commentaries. |
| 630 00 - SUBJECT ADDED ENTRY--UNIFORM TITLE | |
| Uniform title | Bible. |
| Name of part/section of a work | Ephesians |
| General subdivision | Commentaries. |
| 630 00 - SUBJECT ADDED ENTRY--UNIFORM TITLE | |
| Uniform title | Bible. |
| Name of part/section of a work | Philippians |
| General subdivision | Commentaries. |
| 630 00 - SUBJECT ADDED ENTRY--UNIFORM TITLE | |
| Uniform title | Bible. |
| Name of part/section of a work | Colossians |
| General subdivision | Commentaries. |
| 700 1# - ADDED ENTRY--PERSONAL NAME | |
| Personal name | Parker, T. H. L. |
| Fuller form of name | (Thomas Henry Louis) |
| Relator term | tr. |
| 700 1# - ADDED ENTRY--PERSONAL NAME | |
| Personal name | Torrance, David W. |
| Fuller form of name | (David Wishart) |
| Relator term | ed. |
| 700 1# - ADDED ENTRY--PERSONAL NAME | |
| Personal name | Torrance, Thomas F. |
| Fuller form of name | (Thomas Forsyth), |
| Dates associated with a name | 1913-2007, |
| Relator term | ed. |
| 730 0# - | |
| -- | Bible. |
| -- | Galatians. |
| -- | English. |
| -- | Calvin. |
| -- | 1965. |
| 730 0# - | |
| -- | Bible. |
| -- | Ephesians. |
| -- | English. |
| -- | Calvin. |
| -- | 1965. |
| 730 0# - | |
| -- | Bible. |
| -- | Philippians. |
| -- | English. |
| -- | Calvin. |
| -- | 1965. |
| 730 0# - | |
| -- | Bible. |
| -- | Colossians. |
| -- | English. |
| -- | Calvin. |
| -- | 1965. |
| 906 ## - LOCAL DATA ELEMENT F, LDF (RLIN) | |
| a | 7 |
| b | cbc |
| c | oclcrpl |
| d | u |
| e | ncip |
| f | 19 |
| g | y-gencatlg |
| 942 ## - ADDED ENTRY ELEMENTS (KOHA) | |
| Source of classification or shelving scheme | Dewey Decimal Classification |
| Koha item type | Books |
| Withdrawn status | Lost status | Source of classification or shelving scheme | Damaged status | Not for loan | Home library | Current Library | Shelving location | Date acquired | Total checkouts | Full call number | Barcode | Date last seen | Copy number | Price effective from | Koha item type |
|---|---|---|---|---|---|---|---|---|---|---|---|---|---|---|---|
| Dewey Decimal Classification | GRACE BIBLE COLLEGE | GRACE BIBLE COLLEGE | Commentary | 2016-11-22 | 225.77 CAL | 000225 | 2016-11-22 | c.1 | 2016-11-22 | Reference Books |